Регионална библиотека "Любен Каравелов" - Русе

Das grosse Buch der Familien Namen (Запис номер 49395)

MARC детайли
000 -Лидер
Контролно поле с фиксирана дължина 00850nam a2200253 c 4500
003 - Код на организацията, давaща контролен номер
Контролно поле BLK
005 - Дата и час на последна редакция
Контролно поле 20180413122545.0
008 - Елементи от данни с фиксирана дължина
fixed length control field 180408b bul|||||r ||||||| ||bul||
010 ## - Наследен системен номер
LC control number KNG00053245000
020 ## - Международен стандартен номер на книга ISBN
Международен стандартен номер на книга ISBN 3-8068-4781-9
-- издат.: FALKEN
040 ## - Източник на каталожния запис
Идентификатор на билиотеката - собственик на записа BLK
041 ## - Код за език
Код за езика на текст/звукозапис или на отделно заглавие Немски
Код за езика КДБФ Немски
080 ## - УДК
Текстов определител УДК Немски език (високонемски, стандартен писмен)
УДК код - определител по УДК 811.112.2
УДК определител -313
УДК - код + определител 811.112.2-313
139 ## - Редно поле
Редна дума NAUMANN, Horst
Авторски знак
245 10 - Сведения за заглавието
Заглавие Das grosse Buch der Familien Namen
Подзаглавни данни Alter, Herkunft, Bedeutung: Mit Unterstutzung der Gesellschaft fur deutsche Sprache
260 ## - Област на издателските данни
-- Niedernhausen et al.
Име на издателя, разпространителя и проч. FALKEN
Година на издаване 1994
300 ## - Физическа характеристика
Страници 320 c
Размери/Мащаб 24 cm
380 ## - Жанр
Жанр Езикознание. Филология
852 ## - Местоположение
Форматна сигнатура Цб 187018
856 4# - Електронен адрес и достъп
Електронен формат pdf - файл
Път до файла /url/
856 4# - Електронен адрес и достъп
Електронен формат pdf - файл
Път до файла /url/
942 ## - АРТИКУЛИ
Вид на библиотечния материал Книги
Скрит в OPAC Не
944 ## - СЪЗДАВАНЕ И РЕДАКЦИЯ на ЗАПИСА
Създаване/Редакция Създаване
Дата на регистрацията/редакция 01.01.1999
Служител, извършил регистрацията/редакцията AB_DOS
944 ## - СЪЗДАВАНЕ И РЕДАКЦИЯ на ЗАПИСА
Създаване/Редакция Редакция
Дата на регистрацията/редакция 07.02.2017
Служител, извършил регистрацията/редакцията Лили_Борисова
999 ## - СИСТЕМНИ КОНТРОЛНИ НОМЕРА
Koha biblionumber 49395
Koha biblioitemnumber 49395
Наличности
Код за отписване Код за изгубен артикул Източник на класификационната схема Код за повреда Коз за рестрикции Код за отдаване Артикулен № Име на библиотеката - собственик Име на библиотеката, в която се намира в момента Статус (Текущо местоположение) Дата на вписване в системата Местоположение - отдел Цена в лева Инвентарен номер Систематично азбучна сигнатура Баркод Номер на екземпляра Цена в евро Служебна бележка Служебен тип на артикула
  Не е изгубен Universal Decimal Classification Не е повреден само за читалня ползва се в читалня 77342 Регионална библиотека "Любен Каравелов" Русе Регионална библиотека "Любен Каравелов" Русе Читалня 5 - справочен фонд 2002-01-01 Читалня 5 - справочен фонд 20.00 120000905375 C5 803.0-3/N 30 H 120000905375 1 10.23 Дост: Da Дата: 01.01.1994 Книги
Vip Innovations Ltd, Rousse, Bulgaria 2025